000
00293nam a22001337a 4500
008
210527b ||||| |||| 00| 0 eng d
041
_a
eng
080
_a
33
082
_a
33
100
_a
52
101
_a
EKO
245
_a
A Journey Through Economic Time
_c
Galbraith,J.K
942
_2
udc
_c
BK
999
_c
57717
_d
57717